Fastest Growing U.S. Cities - Statistics

General Stats
  • This quiz has been taken 70 times
  • The average score is 12 of 19
Answer Stats
Population Growth Projected Answer % Correct
1.79% 1.92% Dallas
90%
1.53% 1.63% San Antonio
86%
2.57% 2.75% Austin
82%
1.75% 2% Phoenix
80%
1.97% 1.76% Seattle
80%
2.04% 2.07% Charlotte
76%
1.49% 1.76% Jacksonville
76%
1.78% 1.93% Fort Worth
75%
1.66% 1.23% Portland
75%
2.38% 2.43% Las Vegas
71%
2.53% 2.65% Raleigh
69%
1.40% 1.64% Tampa
69%
2.41% 2.93% Orlando
67%
2.24% 2.15% Nashville
61%
1.51% 1.30% Salt Lake City
57%
3.08% 2.34% Boise
41%
1.82% 1.44% Colorado Springs
33%
1.92% 1.32% Tacoma
20%
1.37% 1.67% Fort Lauderdale
18%
No matching quizzes found
Score Distribution
Percent of People with Each Score
Percentile by Number Answered
Your Score History
You have not taken this quiz